000 01648cam a22004214i 4500
003 PE-LiUPU
005 20250731173001.0
008 150623s1993 miu rb 000 0 spa d
020 _a0939125773
035 _a(Sirsi) i9780939125777
040 _aPE-LiUPU
_bspa
_cPE-LiUPU
_erda
049 _aPRUA
082 0 4 _a220.61
_bH321i
_223
100 1 _aHarrison, Roland Kenneth,
_eautor.
_94327
245 1 0 _aIntroducción al Antiguo Testamento :
_nVolumen 4
_bLos Escritos Sagrados /
_cpor Roland Kenneth Harrison.
264 1 _aJenison, Michigan :
_bThe Evangelical Literature League,
_c1993.
300 _a255 páginas ;
_c22 centímetros.
336 _atext
_2rdacontent
337 _aunmediated
_2rdamedia
338 _avolume
_2rdacarrier
504 _aNotas de pie de página al final cada capítulo.
505 0 _aEl Libro de la verdad -- La poesía hebrea -- El libro de los Salmos -- La Literatura Hebrea Sapiencial -- Proverbios -- El libro de Job -- Los Megilot -- Los Cantares o el Cantar de Salomón -- El libro de Rut -- El libro de las Lamentaciones -- El libro de Eclesiastés -- El libro de Ester -- Daniel, Esdras/Nehemías y Crónicas -- El libro de Daniel -- Los libros de Esdrasy Nehemías -- Los libros de las Crónicas.
526 _aSEG42
526 _aSEG41
526 _aSEG40
526 _aSEG39
526 _aP94
526 _aP87
526 _aP86
526 _aP85
526 _aP77
526 _aP76
526 _aP35
630 1 4 _aBiblia.
_pA.T.
_xIntroducciones.
942 _2ddc
_cBK
980 _81
_gALBERTO SANCHEZ Responsable de Automatización
999 _c22387
_d22387